Let's learn : Playing learning and growing / (Record no. 8849)
[ view plain ]
| 000 -LEADER | |
|---|---|
| fixed length control field | 00869nam a22002177a 4500 |
| 001 - CONTROL NUMBER | |
| control field | 8849 |
| 003 - CONTROL NUMBER IDENTIFIER | |
| control field | FISKH |
| 005 - DATE AND TIME OF LATEST TRANSACTION | |
| control field | 20251023104541.0 |
| 008 - FIXED-LENGTH DATA ELEMENTS--GENERAL INFORMATION | |
| fixed length control field | 251023b cb ||||| |||| 00| 0 eng d |
| 020 ## - INTERNATIONAL STANDARD BOOK NUMBER | |
| International Standard Book Number | 9789996343094 |
| 040 ## - CATALOGING SOURCE | |
| Original cataloging agency | FISKH |
| Language of cataloging | eng |
| Transcribing agency | FISKH |
| Modifying agency | FISKH |
| 082 ## - DEWEY DECIMAL CLASSIFICATION NUMBER | |
| Classification number | 428.6 |
| 100 ## - MAIN ENTRY--PERSONAL NAME | |
| Personal name | Samoern, Ouk |
| 245 ## - TITLE STATEMENT | |
| Title | Let's learn : Playing learning and growing / |
| 260 ## - PUBLICATION, DISTRIBUTION, ETC. | |
| Place of publication, distribution, etc. | Phnom Penh : |
| Name of publisher, distributor, etc. | Pen Mind, |
| 300 ## - PHYSICAL DESCRIPTION | |
| Extent | 82 pages : |
| Other physical details | color illustrations ; |
| Dimensions | 30 cm |
| 520 ## - SUMMARY, ETC. | |
| Summary, etc. | A colorful beginner’s learning book for preschool and kindergarten children. It introduces English letters, basic words, and concepts through fun illustrations and familiar animated characters. Activities encourage reading readiness, observation, and vocabulary development in an engaging, playful way. |
| 700 ## - ADDED ENTRY--PERSONAL NAME | |
| Personal name | Monyphally, Pav |
| Relator term | illustrator |
| 942 ## - ADDED ENTRY ELEMENTS (KOHA) | |
| Source of classification or shelving scheme | Dewey Decimal Classification |
| Koha item type | Books |
| Suppress in OPAC | No |
| Withdrawn status | Lost status | Source of classification or shelving scheme | Damaged status | Not for loan | Collection | Home library | Current library | Shelving location | Date acquired | Total Checkouts | Full call number | Barcode | Date last seen | Copy number | Price effective from | Koha item type |
|---|---|---|---|---|---|---|---|---|---|---|---|---|---|---|---|---|
| Dewey Decimal Classification | Reference | Footprints International School Library Network Toul Kork Campus | Footprints International School Library Network Toul Kork Campus | Librarian's Shelf TK | 10/23/2025 | SAM 428.6 | 2025-4712 | 10/23/2025 | 1 | 10/23/2025 | Books |
